000 00828nam a2200181Ia 4500
008 130821s1993 ck gr spa
040 _aCo-BoUCM
_bspa
041 0 0 _aspa
110 _aColombia. Presidencia de la República. Despacho de la primera dama. Programa Nacional de acción en favor de la infancia. Comité internacional para la prevención del maltrato infantil
_9158466
245 1 0 _aMaltrato infantil un mal que sí tiene cura
_cComité interinstitucional para la prevención del maltrato infantil.
260 _aBogotá (Colombia)
_bPresidencia de la República
_c1993
300 _a36 páginas
650 0 4 _aNiños maltratados
_920382
650 0 4 _aNiños y violencia
_920397
650 0 4 _aProblemas sociales
_922324
942 _cLIBRO
_a16
_e1
_mC718m
_2DEWEY
_h362.76
999 _c33093
_d33093